Gubernatorial leadership and state policy / (Record no. 3839)

MARC details
000 -LEADER
fixed length control field 01211pam a2200337 a 4500
001 - CONTROL NUMBER
control field 2486137
003 - CONTROL NUMBER IDENTIFIER
control field OSt
005 - DATE AND TIME OF LATEST TRANSACTION
control field 20230704134710.0
008 - FIXED-LENGTH DATA ELEMENTS--GENERAL INFORMATION
fixed length control field 910219s1991 nyu b 001 0 eng
010 ## - LIBRARY OF CONGRESS CONTROL NUMBER
LC control number 91011331
020 ## - INTERNATIONAL STANDARD BOOK NUMBER
International Standard Book Number 0313279330 (alk. paper)
040 ## - CATALOGING SOURCE
Original cataloging agency DLC
Transcribing agency DLC
Modifying agency DLC
043 ## - GEOGRAPHIC AREA CODE
Geographic area code n-us---
050 00 - LIBRARY OF CONGRESS CALL NUMBER
Classification number JK2447
Item number .G78 1991
082 00 - DEWEY DECIMAL CLASSIFICATION NUMBER
Classification number 353.9/313
Edition number 20
Item number HER
245 00 - TITLE STATEMENT
Title Gubernatorial leadership and state policy /
Statement of responsibility, etc. edited by Eric B. Herzik and Brent W. Brown.
260 ## - PUBLICATION, DISTRIBUTION, ETC. (IMPRINT)
Place of publication, distribution, etc. New York :
Name of publisher, distributor, etc. Greenwood Press,
Date of publication, distribution, etc. 1991.
300 ## - PHYSICAL DESCRIPTION
Extent x, 201 p. ;
Dimensions 24 cm.
440 #0 - SERIES STATEMENT/ADDED ENTRY--TITLE
Title Contributions in political science,
International Standard Serial Number 0147-1066 ;
Volume/sequential designation no. 281
500 ## - GENERAL NOTE
General note "Prepared under the auspices of the Policy Studies Organization."
504 ## - BIBLIOGRAPHY, ETC. NOTE
Bibliography, etc Includes bibliographical references and index.
650 #0 - SUBJECT ADDED ENTRY--TOPICAL TERM
Topical term or geographic name as entry element Governors
Geographic subdivision United States.
650 #0 - SUBJECT ADDED ENTRY--TOPICAL TERM
Topical term or geographic name as entry element State governments
Geographic subdivision United States.
650 #0 - SUBJECT ADDED ENTRY--TOPICAL TERM
Topical term or geographic name as entry element Policy sciences.
700 1# - ADDED ENTRY--PERSONAL NAME
Personal name Herzik, Eric B.
700 1# - ADDED ENTRY--PERSONAL NAME
Personal name Brown, Brent W.
710 2# - ADDED ENTRY--CORPORATE NAME
Corporate name or jurisdiction name as entry element Policy Studies Organization.
906 ## - LOCAL DATA ELEMENT F, LDF (RLIN)
a 7
b cbc
c orignew
d 1
e ocip
f 19
g y-gencatlg
942 ## - ADDED ENTRY ELEMENTS (KOHA)
Source of classification or shelving scheme Dewey Decimal Classification
Koha item type Books
Holdings
Withdrawn status Lost status Source of classification or shelving scheme Damaged status Not for loan Home library Current library Date acquired Total Checkouts Full call number Barcode Date last seen Price effective from Koha item type
    Dewey Decimal Classification     County Hall Archives County Hall Archives 07/04/2023   353.9/313 HER 10000252 07/04/2023 07/04/2023 Books
LIBRARY OPENING HOURS

When the Parliament is sitting: 8.00a.m - 7.00p.m or until the house adjourns
Mondays and Fridays and when the House is on Recess:  8.00a.m - 5.00p.m
Closed on Weekends and Public Holidays

Online Public Access Catalog (OPAC)
Website: http://www.parliament.go.ke
Bunge Library: https://libraryir.parliament.go.ke
Contact: library@parliament.go.ke | Tel no: (254-2)2221291 or 2848000 Ext 5043